Statistics for SAT Vocabulary Words Starting With G

Click here to take the quiz!

General Stats

  • This quiz has been taken 1,743 times
  • The average score is 12 of 15

Answer Stats

QuestionAnswer% Correct
Glutton (noun)One who eats too much
97%
Genteel (adjective)Elegant, aristocratic
93%
Gaffe (noun)An embarassing error
91%
Gesticulate (verb)To express oneself by making gestures
90%
Guile (noun)Cunning; artful deception
89%
Gentry (noun)The land-owning upper class that ranks below nobility
88%
Gaudy (adjective)Overly showy or ornamented
85%
Gaunt (adjective)Thin, emaciated, bony
84%
Grandiloquent (adjective)Puffed up with vanity
77%
Glib (adjective)Eloquent but insincere
72%
Genuflect (verb)To drop a knee to the ground in submission
68%
Gossamer (noun)Something light and delicate such as a cobweb
66%
Germane (adjective)Related to the subject at hand
63%
Glean (verb)To gather small bits of grain left by reapers
58%
Graft (noun)Corruption, especially among government officials
48%

Score Distribution

Percentile by Number Answered

Percent of People with Each Score

Your Score History

You have not taken this quiz